000 02054nam a2200289Ia 4500
999 _c51497
_d51497
001 18483
003 GE_BSU
005 20250306113316.0
008 181216s2016||||ge |||||||||||||| ||geo||
020 _a9789941242854
040 _cGE_BSU
041 _ageo
080 _a27-36(470 წ-71
245 _aღირსი მაკარი, ექვთიმე და აღაპინე პეჩორელები ; წმინდა ბერი სილუან ათონელი /
_c შემდგენელი კახაბერ კენკიშვილი ; გარეკანის დიზაინი რატი თორდია.
264 _aთბილისი :
_bპალიტრა L.
_c2016.
300 _a170 გვ. ;
_c20 სმ.
490 _aსაქართველოს იმედი II : ყველა წმინდანი, რომელთა შესახებაც უნდა იცოდე, 2298-0547 / პროექტის რედაქტორი თამარ მამაცაშვილი ;
_v წ. 46
500 _aიბეჭდება სრულიად საქართველოს კათოლიკოს-პატრიარქის, უწმინდესისა და უნეტარესის ილია II-ის ლოცვა-კურთხევით
541 _h2 ლ.
653 _aრელიგია
653 _aღირსი მაკარი, ექვთიმე და აღაპინე პეჩორელები
653 _aწმინდა ბერი სილუან ათონელი
700 _aკენკიშვილი, კახაბერ
_eშემდგენელი
_924466
700 _aმამაცაშვილი, თამარ
_eპროექტის რედაქტორი
_924467
700 _aთორდია, რატი
_eგარეკანის დიზაინერი
_917902
942 _cBK
_2udc